Worldle: Indonesia - Statistics

General Stats
  • This quiz has been taken 10 times
  • The average score is 35 of 43
Answer Stats
Question Tile Select % Correct
Select the Country Shape of Indonesia Yes
100%
Select the Country Shape of Indonesia No
100%
Select the Country Shape of Indonesia No
100%
Select the Country shape(s) that Indonesia border No
100%
Select the Country shape(s) that Indonesia border No
100%
Select a Landmark in Indonesia No
100%
Select the Capital of Indonesia Bandai Barung No
100%
Select the two most Spoken Languages in Indonesia Sundanese No
100%
Select the Country shape(s) that Indonesia border Yes
90%
Select the Flag of Indonesia No
90%
Select a Landmark in Indonesia No
90%
Select the estimated "GDP per capita" of Indonesia 20K$ + No
90%
Select a City in Indonesia Asmara No
90%
Select the Capital of Indonesia Denpasar No
90%
Select the Capital of Indonesia Jakarta Yes
90%
Select a City in Indonesia Kuching No
90%
Select the Currency of Indonesia Rupee No
90%
Select the two most Spoken Languages in Indonesia Tigrinya No
90%
Select the two most Spoken Languages in Indonesia Tok Pisin No
90%
Select a City in Indonesia Yangon No
90%
Select the Country shape(s) that Indonesia border No
80%
Select the Country shape(s) that Indonesia border Yes
80%
Select the Flag of Indonesia No
80%
Select the Emblem of Indonesia No
80%
Select the Emblem of Indonesia No
80%
Select the Currency of Indonesia Dong No
80%
Select the two most Spoken Languages in Indonesia Indonesian Yes
80%
Select the two most Spoken Languages in Indonesia Malay No
80%
Select the Currency of Indonesia Rupiah Yes
80%
Select the Country shape(s) that Indonesia border Yes
70%
Select the Flag of Indonesia Yes
70%
Select a Landmark in Indonesia Yes
70%
Select a Landmark in Indonesia No
70%
Select the Emblem of Indonesia Yes
70%
Select the estimated population of Indonesia 200M - 250M No
70%
Select the two most Spoken Languages in Indonesia Javanese Yes
70%
Select the estimated population of Indonesia <200M No
70%
Select a City in Indonesia Makassar Yes
70%
Which Country has the larger surface area? No
60%
Which Country has the larger surface area? Yes
60%
Select the estimated "GDP per capita" of Indonesia 7K$ - 20K$ No
60%
Select the estimated population of Indonesia 250M - 300M Yes
50%
Select the estimated "GDP per capita" of Indonesia 4K$ - 7K$ Yes
50%
No matching quizzes found
Score Distribution
Percent of People with Each Score
Percentile by Number Answered
Your Score History
You have not taken this quiz